Vietnam's Economy in 1999.
Sách tập trung giới thiệu nền kinh tế Việt Nam trong năm 1999.
Uloženo v:
| Médium: | Kniha |
|---|---|
| Jazyk: | English |
| Vydáno: |
Hà Nội :
Statistical Publishing,
1999.
|
| Témata: | |
| Tagy: |
Přidat tag
Žádné tagy, Buďte první, kdo otaguje tento záznam!
|
| Thư viện lưu trữ: | Mạng thư viện Đại học Đà Nẵng |
|---|
| LEADER | 00969cam a2200373 i 4500 | ||
|---|---|---|---|
| 001 | 000046729 | ||
| 003 | 6235 | ||
| 005 | 20030219170054.0 | ||
| 008 | 010220|1999 vm 000 eng | ||
| 020 | |c 26500 | ||
| 022 | |a T | ||
| 040 | |a IRC |c IRC |d IRC | ||
| 041 | 0 | |a eng | |
| 082 | 1 | 4 | |a 330.9597 |b Vi-E |
| 245 | 0 | 0 | |a Vietnam's Economy in 1999. |
| 260 | |a Hà Nội : |b Statistical Publishing, |c 1999. | ||
| 300 | |a 123p. ; |c 30cm. | ||
| 520 | 3 | |a Sách tập trung giới thiệu nền kinh tế Việt Nam trong năm 1999. | |
| 630 | 0 | 4 | |a Kinh tế. |
| 630 | 0 | 4 | |a Vietnam. |
| 630 | 0 | 4 | |a Economics. |
| 630 | 0 | 4 | |a Kinh tế Việt Nam. |
| 650 | 0 | 4 | |a Việt Nam |b Điều kiện kinh tế. |
| 650 | 0 | 4 | |a Vietnam |b Economics. |
| OWN | |a DUT | ||
| 999 | |a From the UDN01 | ||
| TYP | |a Monograph | ||
| TYP | |a Printed language | ||
| 980 | |a Mạng thư viện Đại học Đà Nẵng | ||